| 000 | 01676nam a2200373 i 4500 | ||
|---|---|---|---|
| 001 | 195864 | ||
| 003 | SpMaBN | ||
| 005 | 20250319063312.0 | ||
| 008 | 240727s2016 sp a o000 0dspa | ||
| 015 | _aMON16 | ||
| 017 |
_aAS 2126-2016 _bOficina Depósito Legal Asturias |
||
| 035 | _a(OCoLC)989154323 | ||
| 035 | _aa5958411 | ||
| 040 |
_aSpMaBN _bspa _cSpMaBN _erdc _dES-MaACL |
||
| 080 | _a32 Prieto, Indalecio (083.824) | ||
| 080 | _a94(460.12)(083.824) | ||
| 245 | 0 | 0 |
_aIndalecio Prieto y Asturias : _bcatálogo de la exposición a celebrar del 1 al 24 de julio de 2016 en la Sala Trascorrales de Oviedo / _ccomisarios, Mª Concepción Paredes Naves, Ángel Argüelles Crespo. |
| 260 |
_a[Oviedo] : _bGobierno del Principado de Asturias, Consejería de Educación y cultura, _cD.L. 2016. |
||
| 300 |
_a238 p., XVI, XXXII p. de lám. col. y n. ; _c24 cm |
||
| 336 |
_aTexto (visual) _2isbdcontent |
||
| 337 |
_asin mediación _2isbdmedia |
||
| 338 |
_2rdacarrier _avolumen |
||
| 600 | 1 | 4 |
_aPrieto, Indalecio, _d1883-1962 _993889 |
| 651 | 0 |
_aAsturias (Comunidad Autónoma)- _xHistoria- _vExposiciones _2embne _9237613 |
|
| 655 | 7 |
_2tgfbne _9193628 _aCatálogos de exposiciones |
|
| 700 |
_aParedes Naves, María Concepción _9237614 |
||
| 700 | 1 |
_aArgüelles Crespo, Ángel _4orm _9237615 |
|
| 710 | 2 |
_aSala Trascorrales (Oviedo) _4his _9237616 |
|
| 852 |
_aES-MaACL _bR.152802 _cDEPOJ _jN-8948 _hDonación: Editorial _xEncuadernación: rústica con solapas _9204822 |
||
| 942 |
_n0 _cMONOGRAFIA |
||
| 999 |
_c195864 _d195864 |
||